00466nam a22001097a 4500082001900000110001600019245015400035526003700189942001200226999001900238952009900257 a624.15136bTEC aGOV.942988 aTech Data Ttarbala Dam,Design and construction of Simly dam; Khanpur Dam, site selection Kala Bagh Dam. bproceedings 12th intl conf on soil Mech.  a0b0c0d624_151360000000000_TEC 2ddccBK c546797d546797 00102ddc4070aMCEbMCEd2014-06-19l0o624.15136 TECpMCE-41452r2014-06-19w2014-06-19yBK